| 000 | 01439nam a2200313 a 4500 | ||
|---|---|---|---|
| 001 | 000043527 | ||
| 003 | DO-SdBNP | ||
| 005 | 20260428073714.0 | ||
| 008 | 140324s2013 dr 000 j spa d | ||
| 020 | _a9789945412826 | ||
| 040 |
_aDO-SdBNP _bspa _cBNPHU |
||
| 082 |
_aBNPHU PD RD863.44 _bP925p, 2012 |
||
| 111 | 2 |
_aPremio Funglode de Cuento _d(2012 : _cSanto Domingo) _971276 |
|
| 245 | 1 | 0 | _aPremio Funglode de Cuento Juan Bosch. |
| 260 |
_aSanto Domingo : _bFUNGLODE, _c2013. |
||
| 300 |
_a88 p. ; _c23 cm. |
||
| 490 | 1 | _aPremios Funglode/GFDD 2012 Cuentos | |
| 500 | _aIncluye datos biografícos de los autores | ||
| 505 | 0 |
_tPrimer lugar: La verdadera muerte de Pedro Henríquez Ureña / _rBerroa, Fernando -- _tSegún lugar: Recuerdos de una noche de atabales / _rAraújo, Jorge -- _tTercer lugar : El portentoso juego de Rafelo Vásquez / _rDisla, Reynaldo -- _tMención: A ritmo de jazz / _rMuñiz, Jorge -- _tMención :Corsario & Chapitán en la media islita / _rCabrera, Miguel Ángel -- _tMencón :La colombiana / _rBerroa, Fernando |
|
| 590 | _aInventariado, 2019/VM | ||
| 650 | 1 | 0 |
_aCuentos dominicanos _9176 |
| 650 | 1 | 0 |
_aLiteratura dominicana. _967 |
| 650 | 1 | 4 |
_aCertamenes literarios _91541 |
| 650 | 1 | 0 |
_aPremios literarios _91542 |
| 710 | 2 | 2 |
_aFundación Global Democracía y Desarrollo _925477 |
| 830 | 0 |
_aPremios Funglode/GFDD 2012 Cuentos _971277 |
|
| 910 | _aValidado. Control de calidad MFF | ||
| 942 |
_2ddc _cLBS1 |
||
| 999 |
_c43016 _d43016 |
||